|
|
|
|
| LEADER |
01090nam a2200253 a 4500 |
| 001 |
4865631 |
| 008 |
100408r19911960bg ab b f000 0 eng d |
| 010 |
|
|
|a 91905752
|
| 040 |
|
|
|a DLC
|c DLC
|d DLC
|d BD-DhAAL
|
| 082 |
0 |
0 |
|a 338.1/095492
|2 20
|
| 100 |
1 |
|
|a Qadir, S. A.
|
| 245 |
1 |
0 |
|a Village Dhanishwar :
|b three generations of man-land adjustment in a Bangladesh village /
|c S.A. Qadir.
|
| 260 |
|
|
|a Comilla :
|b Bangladesh Academy for Rural Development,
|c 1991.
|
| 300 |
|
|
|a 207 p. :
|b ill., 3 maps ;
|c 23 cm.
|
| 500 |
|
|
|a Originally published: 1960.
|
| 504 |
|
|
|a Includes bibliographical references.
|
| 541 |
1 |
|
|e 00004770
|
| 650 |
|
0 |
|a Land use, Rural
|z Bangladesh
|z Dhanishwar
|x History.
|
| 650 |
|
0 |
|a Rural development
|z Bangladesh
|z Dhanishwar.
|
| 650 |
|
0 |
|a Village communities
|z Bangladesh
|z Dhanishwar.
|
| 710 |
2 |
|
|a Bangladesh Academy for Rural Development.
|
| 852 |
4 |
|
|a Ayesha Abed Library
|j General shelf
|
| 999 |
|
|
|c 8046
|d 8046
|
| 952 |
|
|
|0 0
|1 0
|2 ddc
|4 0
|6 338_109549200000000_QAD_1981
|7 0
|9 9132
|a BRACUL
|b BRACUL
|c GEN
|d 2010-04-08
|g 150.00
|l 0
|o 338.1095492 QAD
|p 3010004770
|r 2010-04-08
|t 1
|w 2010-04-08
|y BK
|